000 00358nam a2200133Ia 4500
005 20251222141942.0
008 251222s9999||||xx |||||||||||||| ||spa||
020 _a84-331-0492-6
082 _a375.1/T41
100 _aTeres Teres, María Dolores
245 0 _aDesarrollos Curriculares para la Educación Infantil
264 _bEscuela Española
942 _cLIB
999 _c9391
_d9391